|
|
|
|
| LEADER |
02226nam a2200577 aa4500 |
| 001 |
nkc20132536388 |
| 003 |
CZ PrNK |
| 005 |
20221111063330.0 |
| 007 |
ta |
| 008 |
131218s2013 xr ab f 001 0 cze |
| 015 |
|
|
|a cnb002536388
|
| 020 |
|
|
|a 978-80-904810-9-1
|q (1 ;
|q brož.)
|
| 035 |
|
|
|a (OCoLC)870289350
|
| 040 |
|
|
|a ABA001
|b cze
|d BOA001
|d ABA001
|
| 041 |
1 |
|
|a cze
|a pol
|b eng
|b pol
|h cze
|h pol
|
| 043 |
|
|
|a e-xr---
|a e-pl---
|
| 072 |
|
7 |
|a 913(437)
|x Geografie Česka a Slovenska, reálie, cestování
|2 Konspekt
|9 7
|
| 080 |
|
|
|a 316.4.063.3
|2 MRF
|
| 080 |
|
|
|a 908(437.3)
|2 MRF
|
| 080 |
|
|
|a 908(438)
|2 MRF
|
| 080 |
|
|
|a (437.3)
|2 MRF
|
| 080 |
|
|
|a (438)
|2 MRF
|
| 080 |
|
|
|a (048.8:082)
|2 MRF
|
| 245 |
0 |
0 |
|a Blue notes /
|c [editor Josef Kiszka ; autoři Tomáš Bindr ... et al. ; česko-polské a polsko-české překlady Josef Kiszka]
|
| 250 |
|
|
|a 1. vyd.
|
| 260 |
|
|
|a [Ostrava] :
|b Accendo - Centrum pro vědu a výzkum,
|c 2013
|
| 300 |
|
|
|a 1 sv. :
|b il. (některé barev.), mapy ;
|c 30 cm
|
| 541 |
|
|
|c pv-r
|
| 500 |
|
|
|a Název z obálky
|
| 504 |
|
|
|a Obsahuje bibliografii a rejstřík
|
| 505 |
1 |
|
|a 1. 2013. 156 s.
|
| 546 |
|
|
|a Část. polský text, anglické a polské resumé
|
| 650 |
0 |
7 |
|a přeshraniční spolupráce
|7 ph135604
|z Česko
|2 czenas
|
| 650 |
0 |
7 |
|a přeshraniční spolupráce
|7 ph135604
|z Polsko
|2 czenas
|
| 650 |
0 |
9 |
|a transborder cooperation
|z Czechia
|2 eczenas
|
| 650 |
0 |
9 |
|a transborder cooperation
|z Poland
|2 eczenas
|
| 651 |
|
7 |
|a Slezsko (Česko)
|7 ge138041
|x vlastivěda
|2 czenas
|
| 651 |
|
7 |
|a Slezsko (Polsko)
|7 ge146564
|x vlastivěda
|2 czenas
|
| 651 |
|
9 |
|a Silesia
|2 eczenas
|
| 651 |
|
9 |
|a Silesia (Czechia)
|x description and travel
|2 eczenas
|
| 651 |
|
9 |
|a Silesia (Poland)
|x description and travel
|2 eczenas
|
| 655 |
|
7 |
|a kolektivní monografie
|7 fd501537
|2 czenas
|
| 655 |
|
9 |
|a collective monographs
|2 eczenas
|
| 700 |
1 |
|
|a Kiszka, Josef,
|d 1952-2022
|7 xx0088714
|4 edt
|4 trl
|
| 700 |
1 |
|
|a Bindr, Tomáš,
|d 1973-
|7 mzk2008463864
|4 aut
|
| 910 |
2 |
|
|a BOA001
|b 04412-1318.091
|s 1-
|
| 920 |
|
|
|a 001383283
|
| 990 |
|
|
|a BK
|
| 995 |
|
|
|a 01
|
| 991 |
|
|
|b 201404
|
| 996 |
6 |
|
|b 2610589091
|c 04412-1318.091
|d 2013
|v 2013
|y 2013
|l MZK
|r Sklad / do 1 hodiny
|n 0
|p p.v.
|w 001418334
|u 000010
|a 1
|e BOA001
|j MZK50
|s P
|